000 00937naa a22002537a 4500
001 BR8305492
003 BR-BrBNA
005 20240918175338.0
007 ta
008 230509b bl.||||| |||| 00| 0 por d
040 _aBR-BrBNA
_bpor
_cBiblioteca Nacional de Agricultura
041 _a(Pt)
072 _aF10
090 _aF10 BR8305492
100 1 _aLemes, M.A.M.
111 1 _a11. Congresso Brasileiro de Engenharia Agricola
_cBrasilia, DF (Brazil)
_d22-27 Jun 1981
245 1 _aA evolucao da previsao meteorologica
260 3 _aBrasilia, DF (Brasil):
_c1983.
500 _aAnais do 11. Congresso Brasileiro de Engenharia Agricola, v. 2 Brasilia, DF (Brasil): 1983. p. 605-609 (BR8305492-AM)F10
650 _aMETEOROLOGIA
773 0 _tAnais do 11. Congresso Brasileiro de Engenharia Agricola, v. 2
_wF10 BR8305492
_gBrasilia, DF (Brasil), 1983. p. 605-609
909 _a202404
_bLucia
_c55
_dLucia Elande
942 _cAM
_2AGRIS
999 _c316248
_d316248